Shield of winter #13/ by Nalini Singh.
Available copies
- 1 of 1 copy available at LARL/NWRL Consortium.
- 1 of 1 copy available at Lake Agassiz Regional Library. (Show preferred library)
Current holds
0 current holds with 1 total copy.
Show Only Available Copies
| Location | Call Number / Copy Notes | Barcode | Shelving Location | Status | Due Date |
|---|---|---|---|---|---|
| Moorhead Public Library | SIN (Text) | 33500011862208 | Main | Available | - |
Record details
- ISBN: 9780425264010
- ISBN: 0425264017
- Physical Description: pages cm
- Edition: First edition.
- Publisher: New York : Berkley Books, 2014.
Search for related items by subject
| Genre: | Fantasy fiction. Suspense fiction. |
Search for related items by series
| LDR | 01401cam a22004098i 4500 | ||
|---|---|---|---|
| 001 | 164099 | ||
| 003 | LARL_NWRL_CONSORTIUM | ||
| 005 | 20140401145726.0 | ||
| 008 | 140116s2014 nyu 000 1 eng | ||
| 010 | . | ‡a2014000522 | |
| 019 | . | ‡a861478708 | |
| 020 | . | ‡a9780425264010 | |
| 020 | . | ‡a0425264017 | |
| 035 | . | ‡a(OCoLC)868429236 ‡z(OCoLC)861478708 | |
| 040 | . | ‡aDLC ‡beng ‡erda ‡cDLC ‡dOCLCO ‡dBDX ‡dYDXCP ‡dBTCTA | |
| 042 | . | ‡apcc | |
| 050 | 0 | 0. | ‡aPR9639.4.S566 ‡bS55 2014 |
| 082 | 0 | 0. | ‡a823/.92 ‡223 |
| 100 | 1 | . | ‡aSingh, Nalini, ‡d1977- ‡0(LARL_NWRL_CONSORTIUM)209877 |
| 245 | 1 | 0. | ‡aShield of winter ‡n#13/ ‡cby Nalini Singh. |
| 250 | . | ‡aFirst edition. | |
| 260 | . | ‡aNew York : ‡bBerkley Books, ‡c2014. | |
| 300 | . | ‡apages cm | |
| 336 | . | ‡atext ‡2rdacontent | |
| 337 | . | ‡aunmediated ‡2rdamedia | |
| 338 | . | ‡avolume ‡2rdacarrier | |
| 490 | 0 | . | ‡aPsy/Changeling ; ‡v13 |
| 655 | 7. | ‡aFantasy fiction. | |
| 655 | 7. | ‡aSuspense fiction. ‡2gsafd | |
| 948 | . | ‡hNO HOLDINGS IN LAL - 13 OTHER HOLDINGS | |
| 994 | . | ‡aZ0 ‡bLAL | |
| 901 | . | ‡a164099 ‡bOCLC ‡c164099 ‡tbiblio | |

Add to basket
Permalink
Enable Highlighting